书目信息 |
| 题名: |
心理学基础
|
|
| 作者: | 程素萍 , 林慧莲 主编 | |
| 分册: | ||
| 出版信息: | 北京 高等教育出版社 2011 |
|
| 页数: | 305页 | |
| 开本: | 23cm | |
| 丛书名: | ||
| 单 册: | ||
| 中图分类: | B84 | |
| 科图分类: | ||
| 主题词: | 心理学--高等学校--教材 , 心理学 | |
| 电子资源: | ||
| ISBN: | 978-7-04-031044-3 | |
| 000 | 00982nam0 22002891 45 | |
| 001 | 1355772108 | |
| 005 | 20130515144352.71 | |
| 010 | @a978-7-04-031044-3@dCNY30.00 | |
| 100 | @a20130108d2011 em y0chiy50 ea | |
| 101 | 0 | @achi |
| 102 | @aCN@b110000 | |
| 105 | @aa z 000yy | |
| 106 | @ar | |
| 200 | 1 | @a心理学基础@AXin Li Xue Ji Chu@f程素萍,林慧莲主编@FCheng Su Ping, Lin Hui Lian Zhu Bian |
| 210 | @a北京@c高等教育出版社@d2011 | |
| 215 | @a305页@c图@d23cm | |
| 300 | @a实践导向型教师教育系列教材 | |
| 312 | @a封面英文题名:Fundamentals of psychology | |
| 330 | @a本书主要内容有:绪论、需要、动机和意志,意识和注意,感觉和知觉,记忆,思维,情绪和情感,能力,人格。 | |
| 510 | 1 | @aFundamentals of psychology@zeng |
| 606 | 0 | @a心理学@x高等学校@j教材 |
| 606 | 0 | @a心理学 |
| 690 | @aB84@v5 | |
| 701 | 0 | @a程素萍@ACheng Su Ping@c(女,@f1963~)@4主编 |
| 701 | 0 | @a林慧莲@ALin Hui Lian@4主编 |
| 801 | @aCN@bTANGWEI@c20130112 | |
| 905 | @b0832680-83@dB84@e1137@f4 | |
| 心理学基础/程素萍,林慧莲主编.-北京:高等教育出版社,2011 |
| 305页:图;23cm |
| 实践导向型教师教育系列教材 |
| ISBN 978-7-04-031044-3:CNY30.00 |
| 本书主要内容有:绪论、需要、动机和意志,意识和注意,感觉和知觉,记忆,思维,情绪和情感,能力,人格。 |
| ● |
| 相关链接 |
|
|
|
|
正题名:心理学基础
索取号:B84/1137
 
预约/预借
| 序号 | 登录号 | 条形码 | 馆藏地/架位号 | 状态 | 备注 |
| 1 | 0832680 | 208326809 | 第一样本阅览室/ [索取号:B84/1137] | 在馆 | |
| 2 | 0832681 | 208326818 | 教育系资料室/ [索取号:B84/1137] | 在馆 | |
| 3 | 0832682 | 208326827 | 第一借阅区/ [索取号:B84/1137] | 在馆 | |
| 4 | 0832683 | 208326836 | 教育系资料室/ [索取号:B84/1137] | 在馆 |